[Event "AUT-ch"]
[Site "?"]
[Date "1991.??.??"]
[Round "?"]
[White "Schlosser, Michael"]
[Black "Hoelzl, Franz"]
[Result "1/2-1/2"]
[WhiteElo "2380"]
[BlackElo "2385"]

1.e4 c5 2.Nf3 d6 3.d4 cxd4 4.Nxd4 Nf6 5.Nc3 a6 6.Be3 e5 7.Nf3 Be7 8.Bc4 Nc6
9.O-O Na5 10.Be2 Be6 11.Nd5 Bxd5 12.exd5 Rc8 13.b3 Ne4 14.c4 Nc3 15.Qe1 Nxe2+
16.Qxe2 O-O 17.Nd2 b6 18.f4 exf4 19.Bxf4 Re8 20.Rae1 b5 21.cxb5 Qd7 22.Qf3 axb5
23.Ne4 Nb7 24.Be3 Bh4 25.Bf2 Bxf2+ 26.Qxf2 Re5 27.Qg3 Kh8 28.Ng5 f6 29.Rxe5 dxe5
30.Ne6 Nc5 31.Nxc5 Rxc5 32.Qxe5 Rxd5 33.Qb8+ Qd8 34.Qxd8+ Rxd8 35.a4 bxa4
36.bxa4 Kg8 37.Ra1 Kf7 38.a5 Ra8 39.a6 Ra7 40.Kf2 Ke6 41.Ke3 Kd5 42.Kf4 g6
43.g4 Kc5 44.h4 Kb6  1/2-1/2

[Event "AUT-chT"]
[Site "?"]
[Date "1991.??.??"]
[Round "?"]
[White "Hamberger, Hermann"]
[Black "Nagel, Herbert"]
[Result "0-1"]
[WhiteElo "2260"]
[BlackElo "2290"]

1.e4 c5 2.Nf3 d6 3.d4 cxd4 4.Nxd4 Nf6 5.Nc3 a6 6.Be3 Nbd7 7.g4 d5 8.Nxd5 Nxd5
9.exd5 Qa5+ 10.Qd2 Qxd5 11.Rg1 Ne5 12.Be2 Bxg4 13.Bxg4 Nxg4 14.O-O-O h5 15.h3 Nxe3
16.Qxe3 g6 17.Kb1 Bg7 18.Rge1 O-O 19.Nb3 Qc6 20.Qxe7 Rfe8 21.Qc5 Qf3 22.h4 Rac8
23.Qb6 Re2 24.Rxe2 Qxe2 25.Rd8+ Rxd8 26.Qxd8+ Kh7 27.a4 Qxf2 28.a5 Qf4 29.Ka2 Qf6
30.Qxf6 Bxf6 31.Nc5 Bxh4 32.Nxb7 g5 33.c4 g4 34.c5 Bg3 35.b4 h4 36.b5 h3
37.bxa6 Bb8 38.c6 h2 39.a7 Bxa7 40.c7 h1=Q 41.c8=Q Qe4 42.Ka3 Qe6 43.Qc2+ Kg7
44.Qc7 Bd4 45.Nd8 Qd5 46.Nc6 Bc5+ 47.Kb2 Bd6 48.Qc8 Qd2+ 49.Kb3 Qd3+ 50.Kb2 Qe2+
51.Kc3 Qf3+ 52.Kc4 g3 53.Nd4 Qf4 54.Kd5 g2 55.Nf5+ Kh7 56.Nxd6 Qf3+  0-1

[Event "AUT-chT"]
[Site "?"]
[Date "1991.??.??"]
[Round "?"]
[White "Schlosser, Michael"]
[Black "Yewdokimov, Oleg"]
[Result "1-0"]
[WhiteElo "2380"]
[BlackElo "2375"]

1.e4 c5 2.Nf3 d6 3.d4 cxd4 4.Nxd4 Nf6 5.Nc3 a6 6.Be3 e6 7.f3 b5 8.g4 Bb7
9.g5 Nfd7 10.h4 b4 11.Nce2 Qc7 12.h5 d5 13.exd5 Bxd5 14.Bh3 Nc6 15.Nf4 Qe5
16.Kf2 Bd6 17.Nf5 exf5 18.Qxd5 Qxd5 19.Nxd5 g6 20.Rad1 O-O-O 21.Rd2 Bc5 22.Bxc5 Nxc5
23.h6 Ne6 24.Rhd1 Nxg5 25.Bf1 Kb7 26.Nf6 f4 27.Rd7+ Kb6 28.Nd5+ Kc5 29.Nxf4 Rxd7
30.Rxd7 Kb6 31.Nd5+ Kc5 32.Nf6 Kb6 33.f4 Ne6 34.Rxf7 Ned4 35.Bd3 Nd8 36.Rd7 Nf5
37.Bxf5 gxf5 38.Nxh7 Kc6 39.Rg7 Kc5 40.Kg3 Ne6 41.Rg6 Nxf4 42.Kxf4 Rxh7 43.Rxa6 Rd7
44.Ra8  1-0

[Event "BUL-chT"]
[Site "Bankia"]
[Date "1991.??.??"]
[Round "5"]
[White "Dochev, Dimitar"]
[Black "Georgiev, Vladimir"]
[Result "1/2-1/2"]
[WhiteElo "2290"]
[BlackElo "2290"]

1.e4 c5 2.Nf3 d6 3.d4 cxd4 4.Nxd4 Nf6 5.Nc3 a6 6.Be3 e5 7.Nf3 Qc7 8.a4 b6
9.Bg5 Nbd7 10.Nd2 Bb7 11.Bc4 Be7 12.O-O O-O 13.Qe2 h6 14.Bh4 Rfe8 15.Rfd1 g5
16.Bg3  1/2-1/2

[Event "BUL-chT"]
[Site "Bankia"]
[Date "1991.??.??"]
[Round "6"]
[White "Georgiev, Krum"]
[Black "Danailov, Silvio"]
[Result "1-0"]
[WhiteElo "2480"]
[BlackElo "2475"]

1.e4 c5 2.Nf3 d6 3.d4 cxd4 4.Nxd4 Nf6 5.Nc3 a6 6.Be3 e6 7.g4 h6 8.Rg1 Nc6
9.h4 h5 10.gxh5 Nxh5 11.Bg5 Qb6 12.Nb3 Qc7 13.Be2 Nf6 14.f4 Bd7 15.Bf3 O-O-O
16.Qe2 Be7 17.O-O-O Rh7 18.Kb1 Kb8 19.e5 dxe5 20.fxe5 Ng8 21.Qd3 g6 22.Bxc6 Bxc6
23.Qxd8+ Bxd8 24.Rxd8+ Ka7 25.Rxg8 Qxe5 26.Rf1 Qc7 27.a4 b6 28.a5  1-0

[Event "Beijing op"]
[Site "Beijing"]
[Date "1991.??.??"]
[Round "9"]
[White "Peng Xiaomin"]
[Black "Xu Jun"]
[Result "1-0"]
[WhiteElo "2450"]
[BlackElo "2530"]

1.e4 c5 2.Nf3 d6 3.d4 cxd4 4.Nxd4 Nf6 5.Nc3 a6 6.Be3 e6 7.f3 b5 8.Qd2 Bb7
9.g4 h6 10.O-O-O Nbd7 11.Bd3 Ne5 12.Rhe1 Rc8 13.Kb1 Nfd7 14.f4 Nc4 15.Qe2 Nxe3
16.Qxe3 Qb6 17.h4 e5 18.fxe5 dxe5 19.Nf5 Qxe3 20.Nxe3 Be7 21.Rf1 g6 22.h5 Bg5
23.Ned5 O-O 24.Bxb5 axb5 25.Ne7+ Bxe7 26.Rxd7 Ba6 27.Rxe7 b4 28.Rf6 bxc3
29.Rxa6 gxh5 30.gxh5 Rc4 31.Rxe5 Rb8 32.b3 Rd4 33.Kc1 Rbd8 34.Rd5 R8xd5 35.exd5 Rh4
36.Kd1 Rxh5 37.d6 Rd5+ 38.Ke1 h5 39.Rc6 Kg7 40.b4 f5 41.Rxc3 Rxd6 42.b5  1-0

[Event "Beijing op"]
[Site "Beijing"]
[Date "1991.??.??"]
[Round "10"]
[White "Peng Xiaomin"]
[Black "Novikov, Igor A"]
[Result "1/2-1/2"]
[WhiteElo "2450"]
[BlackElo "2545"]

1.e4 c5 2.Nf3 d6 3.d4 cxd4 4.Nxd4 Nf6 5.Nc3 a6 6.Be3 e6 7.Be2 Be7 8.O-O Qc7
9.a4 b6 10.f4 Nbd7 11.Bf3 Bb7 12.Qe2 O-O 13.Kh1 Rfe8 14.Rae1 e5 15.Nf5 Bf8
16.Qf2 exf4 17.Bxf4 Ne5 18.Qg3 g6 19.Bg5 Nfd7 20.Nh6+ Kh8 21.Bg4 f6 22.Bxd7 Nxd7
23.Bf4 Ne5 24.Bxe5 fxe5 25.Qh4 Bxh6 26.Qxh6 Kg8 27.Rf3 Rf8 28.Ref1 Rxf3 29.Rxf3  1/2-1/2

[Event "Biel op (Women)"]
[Site "Biel"]
[Date "1991.??.??"]
[Round "2"]
[White "Botan, Madalina S"]
[Black "Sakhatova, Elvira"]
[Result "0-1"]
[WhiteElo "2175"]
[BlackElo "2345"]

1.e4 c5 2.Nf3 d6 3.d4 cxd4 4.Nxd4 Nf6 5.Nc3 a6 6.Be3 e6 7.Qd2 Be7 8.f3 b5
9.g4 Bb7 10.O-O-O Nc6 11.Nxc6 Bxc6 12.Ne2 Rc8 13.Nd4 Bb7 14.g5 Nd7 15.h4 d5
16.exd5 Bxd5 17.Kb1 Ne5 18.Rh3 Qc7 19.f4 Nc4 20.Bxc4 Qxc4 21.b3 Qc7 22.h5 Ba3
23.Qh2 Be4 24.Bc1 Bc5 25.Qe2 Bd5 26.Nxe6 Bxe6 27.f5 O-O 28.fxe6 Rfe8 29.g6 Rxe6
30.gxh7+ Kh8 31.Qg4 Be7 32.Rd2 Re1 33.h6 gxh6 34.Rxh6 Qc3 35.Rg2 Rxc1+ 36.Kxc1 Ba3+
37.Kd1 Rd8+ 38.Ke2 Rd2+  0-1

[Event "Biel op (Women)"]
[Site "Biel"]
[Date "1991.??.??"]
[Round "2"]
[White "Madl, Ildiko"]
[Black "Sakhatova, Elvira"]
[Result "1/2-1/2"]
[WhiteElo "2370"]
[BlackElo "2235"]

1.e4 c5 2.Nf3 d6 3.d4 cxd4 4.Nxd4 Nf6 5.Nc3 a6 6.Be3 e5 7.Nb3 Be6 8.Qd2 Nbd7
9.f3 Qc7 10.g4 h6 11.O-O-O b5 12.Kb1 Nb6 13.Bxb6 Qxb6 14.h4 Be7 15.Nd5 Nxd5
16.exd5 Bd7 17.Bd3 a5 18.Nc1 O-O-O 19.Ne2 Kb8 20.Ng3 Ka8 21.Rde1 g6 22.h5 Bg5
23.Qg2 gxh5 24.Rxh5 a4 25.a3 b4 26.axb4 Qxb4 27.c3 Qa5 28.Ne4 Rb8 29.Qc2 Rhc8
30.Ka1 a3 31.b4 Rxb4 32.cxb4 Qxb4 33.Qf2 Be3 34.Rxe3 Rc1+ 35.Ka2 Ba4 36.Bb1 Qxb1+
37.Kxa3 Rc2 38.Kxa4 Rxf2 39.Nxf2 Qc2+ 40.Rb3 Qxf2 41.Rh1 Qa7+ 42.Kb4 Qc5+
43.Ka4 Qa7+ 44.Kb4 Qc5+ 45.Ka4 Qa7+  1/2-1/2

[Event "Biel Mixed"]
[Site "Biel"]
[Date "1991.??.??"]
[Round "5"]
[White "Campora, Daniel H"]
[Black "Gallagher, Joseph G"]
[Result "1-0"]
[WhiteElo "2510"]
[BlackElo "2520"]

1.e4 c5 2.Nf3 d6 3.d4 cxd4 4.Nxd4 Nf6 5.Nc3 a6 6.Be3 e5 7.Nb3 Be6 8.Qd2 Nbd7
9.f3 Be7 10.O-O-O b5 11.Nd5 Bxd5 12.exd5 Nb6 13.Bxb6 Qxb6 14.Na5 Rc8 15.Nc6 Bd8
16.c4 O-O 17.Kb1 bxc4 18.Bxc4 Nd7 19.Rc1 Nb8 20.Qc3 Nxc6 21.dxc6 e4 22.Bd5 Bf6
23.Qb3 Qa5 24.Rc2 exf3 25.Qxf3 Rc7 26.Rd1 Be5 27.g4 Qb4 28.h4 a5 29.h5 Rb8
30.Rf1 Bxb2 31.Bxf7+ Kh8 32.Bb3 Bf6 33.g5 a4 34.gxf6 axb3 35.fxg7+ Rxg7 36.Qxb3 Qxb3+
37.axb3 Rxb3+ 38.Ka2 Rb8 39.c7 Rc8 40.h6 Rg5 41.Rf7 Rb5 42.Rb2 Rc5 43.Rb8 Rxc7
44.Rf8+  1-0

[Event "POL-chB"]
[Site "Bielsko-Biala"]
[Date "1991.??.??"]
[Round "1"]
[White "Zyla, Janusz"]
[Black "Skalik, Przemyslaw"]
[Result "0-1"]
[WhiteElo "2240"]
[BlackElo "2415"]

1.e4 c5 2.Nf3 d6 3.d4 cxd4 4.Nxd4 Nf6 5.Nc3 a6 6.Be3 e5 7.Nf3 Qc7 8.a4 Be7
9.a5 O-O 10.Be2 h6 11.O-O Be6 12.Nd5 Bxd5 13.exd5 Nbd7 14.Ne1 b5 15.b3 Ne4
16.c4 Nc3 17.Qc2 Nxe2+ 18.Qxe2 bxc4 19.bxc4 Rfc8 20.Ra4 Bg5 21.Bxg5 hxg5
22.Nf3 f6 23.Nd2 Nc5 24.Ra3 Rab8 25.Rd1 Qd7 26.Qh5 Qf7 27.Qg4 Re8 28.Nf1 e4
29.Ne3 Re5 30.Nc2 Qg6 31.Nd4 f5 32.Qe2 Rf8 33.Rb1 f4 34.Rb6 g4 35.h3 f3 36.Qf1 gxh3
37.g3 e3 38.Rxe3 Rxe3 39.fxe3 Qxg3+  0-1

[Event "Borovo"]
[Site "Borovo"]
[Date "1991.??.??"]
[Round "7"]
[White "Savon, Vladimir A"]
[Black "Palac, Mladen"]
[Result "0-1"]
[WhiteElo "2465"]
[BlackElo "2475"]

1.e4 c5 2.Nf3 d6 3.d4 cxd4 4.Nxd4 Nf6 5.Nc3 a6 6.Be3 e5 7.Nf3 Be7 8.Bc4 O-O
9.Qe2 Nc6 10.O-O Na5 11.Bd5 Be6 12.Rad1 Qc7 13.Bg5 Rac8 14.Bxf6 Bxf6 15.Rd3 b5
16.Rc1 Nc4 17.Nd1 Rfd8 18.c3 Bxd5 19.exd5 g6 20.b3 Nb6 21.c4 Nd7 22.Nd2 Bg5
23.Rdc3 b4 24.Rh3 Nc5 25.Rc2 f5 26.Ne3 Qe7 27.g4 Bxe3 28.fxe3 Qg5 29.Rg3 e4
30.Rc1 Rf8 31.gxf5 Qxf5 32.Rf1 Qe5 33.Qg4 Rxf1+ 34.Nxf1 Rf8 35.Qe2 Nd3 36.Rg2 Rf3
37.Qd1 Qf6 38.Qe2 h5 39.Nd2 Qa1+ 40.Nf1 Kh7 41.h4 Ne1 42.Qb2 Qd1 43.Qd2 Qb1
44.Qb2 Qxb2 45.Rxb2 Nd3 46.Rh2 Kg7 47.Rg2 Kf6 48.Rh2 a5 49.Rg2 Rh3 50.Rh2 Rxh2
51.Kxh2 Nc1 52.Nd2 Ke5 53.c5 dxc5 54.Nxe4 Kxd5 55.Ng5 Nxa2 56.Kg3 Nc1  0-1

[Event "Brno Morava-B"]
[Site "Brno"]
[Date "1991.??.??"]
[Round "11"]
[White "Gipslis, Aivars"]
[Black "Stangl, Markus"]
[Result "1/2-1/2"]
[WhiteElo "2475"]
[BlackElo "2490"]

1.e4 c5 2.Nf3 d6 3.d4 cxd4 4.Nxd4 Nf6 5.Nc3 a6 6.Be3 e5 7.Nde2 Ng4 8.Nd5 Nxe3
9.fxe3 Be7 10.Nec3 Nc6 11.Qd2 O-O 12.g3 Re8 13.Bg2 Bf8 14.O-O Be6 15.a3 Rc8
16.Rf2 Nb8 17.a4 Nd7 18.a5 Qg5 19.Raf1 Rc6 20.Na4 Rec8 21.c3 Qg6 22.b3 h5
23.c4 Nc5 24.Nxc5 dxc5 25.Kh1 Qg5 26.Qe1 h4 27.gxh4  1/2-1/2

[Event "Schneider mem op"]
[Site "Budapest"]
[Date "1991.??.??"]
[Round "1"]
[White "Magyar, Otto"]
[Black "Moiseev, Viktor"]
[Result "0-1"]
[WhiteElo "2240"]
[BlackElo "2460"]

1.e4 c5 2.Nf3 d6 3.d4 cxd4 4.Nxd4 Nf6 5.Nc3 a6 6.Be3 e5 7.Nb3 Be6 8.Qd2 Nbd7
9.O-O-O b5 10.f3 Rc8 11.Qf2 Be7 12.Kb1 O-O 13.g4 Rxc3 14.bxc3 Qc7 15.Bd3 Qxc3
16.h4 Ra8 17.Qd2 Qc6 18.h5 Nb6 19.Bxb6 Qxb6 20.g5 Nd7 21.g6 a5 22.h6 fxg6
23.hxg7 Nf6 24.f4 a4 25.Nc1 exf4 26.e5 dxe5 27.Bxg6 hxg6 28.Rh8+ Kxg7 29.Rxa8 Ne4
30.Qh2 Nc3+ 31.Ka1 Nxd1 32.Qh8+ Kf7 33.Qh7+ Kf6 34.Qh4+ Kf5 35.Qh3+ Kg5  0-1

[Event "Autoteam"]
[Site "Budapest"]
[Date "1991.??.??"]
[Round "1"]
[White "Fogarasi, Tibor"]
[Black "Zagrebelny, Sergey"]
[Result "1/2-1/2"]
[WhiteElo "2420"]
[BlackElo "2450"]

1.e4 c5 2.Nf3 d6 3.d4 cxd4 4.Nxd4 Nf6 5.Nc3 a6 6.Be3 e5 7.Nf3 Qc7 8.a4 Be7
9.a5 O-O 10.Be2 Nbd7 11.O-O b5 12.axb6 Nxb6 13.Qd3 Bb7 14.Nd2 Rab8 15.Rfd1 Bc8
16.Nc4 Nxc4 17.Qxc4 Qxc4 18.Bxc4 Rxb2 19.Bb3 Be6 20.Nd5 Nxd5 21.exd5 Bf5
22.Bc1 Bxc2 23.Bxb2 Bxb3 24.Rdc1 Ra8 25.Rc7 Kf8 26.Rac1 Ke8 27.Rc8+ Rxc8
28.Rxc8+ Kd7 29.Ra8 Bxd5 30.Rxa6 Ke6 31.f3 Bc4 32.Rc6 Bd5 33.Ra6 h5 34.Kf2 g5
35.g4 hxg4 36.fxg4 Bd8 37.Ba3 Bc7 38.Kg3 Kd7 39.h4 Be4 40.Ra7 gxh4+ 41.Kxh4 d5
42.Kg5 d4 43.Kf6 d3 44.Bc1 Kc6 45.Rxc7+ Kxc7 46.Kxe5  1/2-1/2

[Event "Spring op"]
[Site "Budapest"]
[Date "1991.??.??"]
[Round "3"]
[White "Lanka, Zigurds"]
[Black "Stavru, Alessandro"]
[Result "1-0"]
[WhiteElo "2510"]
[BlackElo "2250"]

1.e4 c5 2.Nf3 d6 3.d4 cxd4 4.Nxd4 Nf6 5.Nc3 a6 6.Be3 e5 7.Nb3 Be6 8.f4 exf4
9.Bxf4 Nc6 10.Qd2 Be7 11.O-O-O Ne5 12.Nd4 Qd7 13.h3 O-O 14.g4 b5 15.Bg2 b4
16.Nd5 Bxd5 17.exd5 Qa4 18.Kb1 Nfd7 19.g5 Rfe8 20.b3 Qa3 21.Nc6 Nxc6 22.dxc6 Ne5
23.Qd5 Rac8 24.Bc1  1-0

[Event "Spring op"]
[Site "Budapest"]
[Date "1991.??.??"]
[Round "4"]
[White "Fogarasi, Tibor"]
[Black "Loginov, Valery A"]
[Result "0-1"]
[WhiteElo "2410"]
[BlackElo "2530"]

1.e4 c5 2.Nf3 d6 3.d4 cxd4 4.Nxd4 Nf6 5.Nc3 a6 6.Be3 e5 7.Nf3 Qc7 8.a4 Be7
9.a5 O-O 10.Be2 Nbd7 11.O-O b5 12.axb6 Nxb6 13.Qd3 Bb7 14.Nd2 Rfb8 15.Rfd1 h6
16.h3 Bc8 17.Bxb6 Rxb6 18.Nc4 Rb4 19.b3 Be6 20.Nd5 Bxd5 21.exd5 Bd8 22.Ra4 Rxa4
23.bxa4 Rb8 24.Ne3 a5 25.Nf5 Qd7 26.g4 Rb4 27.Qc3 Bb6 28.Qc6 Bc5 29.Bb5 Qd8
30.Kg2 Rf4 31.f3 g6 32.Ng3 e4 33.Rf1 exf3+ 34.Rxf3 Rxf3 35.Kxf3 Qe7 36.Kg2 Qe3
37.h4 Kg7  0-1

[Event "Spring op"]
[Site "Budapest"]
[Date "1991.??.??"]
[Round "4"]
[White "Tolnai, Tibor"]
[Black "Orgovan, Sandor"]
[Result "1-0"]
[WhiteElo "2500"]
[BlackElo "2330"]

1.e4 c5 2.Nf3 d6 3.d4 cxd4 4.Nxd4 Nf6 5.Nc3 a6 6.Be3 Nc6 7.Qd2 e5 8.Nb3 Be7
9.f3 Na5 10.Qf2 Nxb3 11.axb3 Be6 12.O-O-O Rc8 13.Kb1 O-O 14.g4 b5 15.g5 Nh5
16.h4 f5 17.Bh3 Qd7 18.Qg2 g6 19.Nd5 Bd8 20.Rhf1 a5 21.f4 fxe4 22.Bxe6+ Qxe6
23.fxe5 Rxf1 24.Qxf1 dxe5 25.Qxb5 Ng7 26.Bd2 Nf5 27.Bxa5 Nd4 28.Qb7 Bxa5
29.Ne7+ Kf8 30.Nxc8 e3 31.Rf1+ Nf5 32.c3 e2 33.Re1 Ng3 34.Ka2 e4 35.Qb8 Bc7
36.Qb7 Be5 37.Nb6  1-0

[Event "Schneider mem op"]
[Site "Budapest"]
[Date "1991.??.??"]
[Round "6"]
[White "Varga, Zoltan"]
[Black "Vaulin, Alexander"]
[Result "0-1"]
[WhiteElo "2370"]
[BlackElo "2510"]

1.e4 c5 2.Nf3 d6 3.d4 cxd4 4.Nxd4 Nf6 5.Nc3 a6 6.Be3 e5 7.Nb3 Be7 8.Nd5 Nxd5
9.exd5 Bg5 10.Bxg5 Qxg5 11.Qd2 Qxd2+ 12.Kxd2 Nd7 13.c4 b6 14.Bd3 O-O 15.Rae1 a5
16.Na1 Nc5 17.Nc2 Bd7 18.Be2 Ne4+ 19.Ke3 f5 20.g4 fxg4 21.Kxe4 Bf5+ 22.Ke3 Bxc2
23.Bxg4 Rf4 24.Be2 Raf8 25.f3 Bg6 26.Reg1 Bh5 27.Rg3 g6 28.b3 Kg7 29.Bd1 h6
30.h4 e4 31.fxe4 Bxd1 32.Rxd1 Rxh4 33.Kd3 Rf2 34.Re1 Kf6 35.a3 g5 36.b4 Ke5
37.bxa5 bxa5 38.Rb1 Ra2 39.Rb3 a4 40.Rc3 Rxe4 41.Rh3 Ree2  0-1

[Event "Spring op"]
[Site "Budapest"]
[Date "1991.??.??"]
[Round "8"]
[White "Tolnai, Tibor"]
[Black "Loginov, Valery A"]
[Result "1-0"]
[WhiteElo "2500"]
[BlackElo "2530"]

1.e4 c5 2.Nf3 d6 3.d4 cxd4 4.Nxd4 Nf6 5.Nc3 a6 6.Be3 e5 7.Nb3 Be6 8.Qd2 Be7
9.f3 O-O 10.O-O-O Nbd7 11.g4 a5 12.a4 Nb6 13.Kb1 Nc4 14.Bxc4 Bxc4 15.g5 Ne8
16.h4 Qd7 17.f4 b5 18.axb5 exf4 19.Bxf4 Bxb5 20.e5 a4 21.Nc5 dxc5 22.Qxd7 Bxd7
23.Rxd7 Bd8 24.Be3 Nc7 25.Bxc5 Re8 26.Rf1 Ne6 27.Bd6 h6 28.gxh6 gxh6 29.Rg1+ Kh8
30.Rxf7 Bxh4 31.Rg6 Bg5 32.Ne4 Nd8 33.Nxg5 hxg5 34.Rf1 Ra7 35.Rxg5 Nc6 36.Rg4 a3
37.Rh1+ Rh7 38.Rxh7+ Kxh7 39.Rc4  1-0

[Event "BUL-ch"]
[Site "?"]
[Date "1991.??.??"]
[Round "4"]
[White "Dochev, Dimitar"]
[Black "Petrov, Marijan"]
[Result "1/2-1/2"]
[WhiteElo "2290"]
[BlackElo "2265"]

1.e4 c5 2.Nf3 d6 3.d4 cxd4 4.Nxd4 Nf6 5.Nc3 a6 6.Be3 e6 7.Qd2 b5 8.f3 b4
9.Nce2 d5 10.e5 Nfd7 11.f4 Nc5 12.O-O-O Qc7 13.Kb1 Nbd7 14.Nc1 Ne4 15.Qe1 Ndc5
16.Bd3 Bd7 17.Rf1 Be7 18.Ncb3 O-O 19.Nxc5 Nxc5 20.Nf3 Rfc8 21.Bxc5 Qxc5 22.Ng5 h6
23.Nf3 Bb5 24.Qe2 Rc7 25.g4 Rac8 26.f5 Bxd3 27.cxd3 Bg5 28.Nxg5 hxg5 29.d4 Qc6
30.Qd2 Qc2+ 31.Qxc2 Rxc2 32.Rc1 Rxc1+ 33.Rxc1 Rc4 34.Rd1 a5 35.Rd3 a4 36.b3 axb3
37.axb3 Rc7 38.fxe6 fxe6 39.Rf3 Kh7 40.Kb2 Kg6 41.Kb1 Rf7 42.Rxf7 Kxf7 43.Kc2  1/2-1/2

[Event "Cetinje (Women)"]
[Site "Cetinje"]
[Date "1991.??.??"]
[Round "2"]
[White "Nikolin, Zorica"]
[Black "Csonkics, Tunde"]
[Result "1/2-1/2"]
[WhiteElo "2220"]
[BlackElo "2320"]

1.e4 c5 2.Nf3 d6 3.d4 cxd4 4.Nxd4 Nf6 5.Nc3 a6 6.Be3 e6 7.f4 Qc7 8.Bd3 b5
9.a3 Bb7 10.Qf3 Nbd7 11.g4 Nc5 12.g5 Nfd7 13.O-O g6 14.Rac1 Bg7 15.b4 Nxd3  1/2-1/2

[Event "Cheliabinsk op"]
[Site "Cheliabinsk"]
[Date "1991.??.??"]
[Round "16"]
[White "Stepanov, Pavel"]
[Black "Yuferov, Sergey  N"]
[Result "0-1"]
[WhiteElo "2345"]
[BlackElo "2395"]

1.e4 c5 2.Nf3 d6 3.d4 cxd4 4.Nxd4 Nf6 5.Nc3 a6 6.Be3 e5 7.Nb3 Be7 8.Be2 O-O
9.f4 Nbd7 10.Qd2 b5 11.O-O-O Bb7 12.Bf3 b4 13.Nd5 Nxd5 14.exd5 a5 15.Kb1 Bf6
16.f5 Nb6 17.Qf2 Nc4 18.Bc1 Re8 19.Be4 Ba6 20.g4 Bh4 21.Qf3 h6 22.Rhg1 Bg5
23.Rg2 a4 24.Na1 Rc8 25.Rh1 Bxc1 26.Rxc1 Qg5 27.Qf2 a3 28.b3 Ne3 29.Rg3 Rc3
30.Re1 Qf4 31.Qd2 Nf1 32.Qxf4 exf4 33.Rg2 Re3  0-1

[Event "Chiasso op"]
[Site "Chiasso"]
[Date "1991.??.??"]
[Round "10"]
[White "Landenbergue, Claude"]
[Black "Nemet, Ivan"]
[Result "1-0"]
[WhiteElo "2410"]
[BlackElo "2450"]

1.e4 c5 2.Nf3 d6 3.d4 cxd4 4.Nxd4 Nf6 5.Nc3 a6 6.Be3 e6 7.g4 h6 8.Rg1 Qc7
9.Qd2 Nbd7 10.O-O-O b5 11.f3 Nb6 12.h4 Nfd7 13.g5 hxg5 14.hxg5 g6 15.Bd3 Bb7
16.Kb1 O-O-O 17.Ncxb5 Qb8 18.Nc3 Bg7 19.Qe2 Nc5 20.Rh1 Nba4 21.Nxa4 Nxa4
22.Qd2 Kd7 23.Qb4 Nc5 24.Bc4 Ke7 25.Nb3 Nd7 26.Qa5 Qc8 27.Be2 Qc6 28.Qd2 Qc7
29.Bd4 Bxd4 30.Qxd4 Rxh1 31.Rxh1 a5 32.Bb5 Bc6 33.Bxc6 Qxc6 34.Nxa5 Qa6 35.Nc4 Rc8
36.b3 e5 37.Qd2 Rxc4 38.bxc4 Qxc4 39.Qd3 Qb4+ 40.Qb3 Qd2 41.Qd3 Qb4+ 42.Ka1 Nc5
43.a3 Nxd3 44.axb4 Nxb4 45.Kb2 Nc6 46.c3 Nd8 47.Kb3 Ne6 48.Rg1 Nf4 49.Kc4 Ke6
50.Rh1 Ke7 51.Ra1 Ke6 52.Kb5 Ne2 53.Ra3 Ng1 54.c4 Ne2 55.Kc6 Nd4+ 56.Kc7 Ke7
57.Kb6 Ke6 58.c5 dxc5 59.Kxc5 Ke7 60.Kd5 Ne6 61.Kxe5 Nxg5 62.Ra7+ Kf8 63.f4 Nh7
64.Rb7 Kg7 65.Kd6 Nf8 66.Ke7  1-0

[Event "National op"]
[Site "Chicago"]
[Date "1991.??.??"]
[Round "6"]
[White "Sherzer, Alex"]
[Black "Umezinwa, George"]
[Result "1-0"]
[WhiteElo "2435"]
[BlackElo "2315"]

1.e4 c5 2.Nf3 d6 3.d4 cxd4 4.Nxd4 Nf6 5.Nc3 a6 6.Be3 Qc7 7.Be2 e6 8.O-O Be7
9.f4 Nc6 10.a4 Bd7 11.Nb3 Na5 12.e5 dxe5 13.fxe5 Nxb3 14.exf6 Bc5 15.Bxc5 Nxc5
16.fxg7 Rg8 17.Qd4 e5 18.Nd5 Qd6 19.Qc4 Rxg7 20.Nf6+ Kf8 21.Rad1 Qb6 22.a5 Qa7
23.Kh1 Bc6 24.Bf3 e4 25.Bh5 Ne6 26.Nxh7+ Ke7 27.Bxf7 Rxf7 28.Rxf7+ Kxf7 29.Ng5+ Kf6
30.Qxe6+ Kxg5 31.Qe5+ Kg4 32.h3+ Kh4 33.Qf4+ Kh5 34.Qf5+  1-0

[Event "National op"]
[Site "Chicago"]
[Date "1991.??.??"]
[Round "6"]
[White "Meyer, P."]
[Black "Anderson, Renard"]
[Result "0-1"]
[WhiteElo "2325"]
[BlackElo "2245"]

1.e4 c5 2.Nf3 d6 3.d4 cxd4 4.Nxd4 Nf6 5.Nc3 a6 6.Be3 e5 7.Nb3 Be7 8.f3 Be6
9.Qd2 Nbd7 10.Nd5 Bxd5 11.exd5 O-O 12.O-O-O Nb6 13.Bxb6 Qxb6 14.g4 Qd8 15.Kb1 Qd7
16.h4 a5 17.h5 a4 18.Nc1 Qd8 19.g5 Nd7 20.g6 fxg6 21.hxg6 h6 22.Bh3 Bg5 23.Qg2 Rf6
24.Be6+ Kf8 25.Nd3 Nb6 26.f4 exf4 27.Rde1 Nc4 28.Bf7 Ne3 29.Qe4 a3 30.Reg1 Qe7
31.Qb4 Rc8 32.Rxg5 Nxc2 33.Qa4 Rxf7 34.Rgg1 b5 35.Qa6 Qb7 36.Qxd6+ Re7 37.Nxf4 Nd4
38.Ne6+ Nxe6 39.dxe6 Qe4+ 40.Ka1 axb2+ 41.Kxb2 Qe2+ 42.Ka1 Qxe6 43.Rf1+ Kg8
44.Qxe6+ Rxe6 45.Rf7 Rxg6 46.Rb7 Rc5 47.Rb1 Rgg5 48.Kb2 h5 49.Kb3 Rcf5 50.Rb2 Kh7
51.Rb6 h4 52.Rh2 Rf3+ 53.Kb4 Rf4+ 54.Kb3 g6 55.Rb7+ Kh6 56.Rb8 Rg3+ 57.Kb2 b4
58.Rh8+ Kg5 59.Rb8 h3  0-1

[Event "Capablanca mem"]
[Site "Cienfuegos"]
[Date "1991.??.??"]
[Round "9"]
[White "Romero Holmes, Alfonso"]
[Black "Neverov, Valeriy"]
[Result "1/2-1/2"]
[WhiteElo "2485"]
[BlackElo "2540"]

1.e4 c5 2.Nf3 d6 3.d4 cxd4 4.Nxd4 Nf6 5.Nc3 a6 6.Be3 e6 7.Qd2 b5 8.f3 Bb7
9.g4 Nc6 10.O-O-O Be7 11.g5 Nd7 12.Nxc6 Bxc6 13.h4 b4 14.Ne2 d5 15.Nd4 Bb7
16.Bh3 Ne5 17.f4 Nc4 18.Qe2 Qa5 19.Kb1 Nxe3 20.Qxe3 dxe4 21.f5 Bd5 22.b3 e5
23.Ne2 f6 24.Ng3 O-O 25.Nxe4 Rad8 26.Bg2 Bxe4  1/2-1/2

[Event "Capablanca mem-C"]
[Site "Cienfuegos"]
[Date "1991.??.??"]
[Round "10"]
[White "Aldama, Degurnay"]
[Black "Leyva, Hector"]
[Result "1/2-1/2"]
[WhiteElo "2365"]
[BlackElo "2380"]

1.e4 c5 2.Nf3 d6 3.d4 cxd4 4.Nxd4 Nf6 5.Nc3 a6 6.Be3 e5 7.Nb3 Be7 8.a4 Be6
9.Be2 Nbd7 10.O-O O-O 11.Qd2 Rc8 12.f3 Nb6 13.a5 Nc4 14.Bxc4 Bxc4 15.Rfd1 h6
16.Na4 Nd7 17.Nc1 f5 18.b3 Be6 19.c4 Qe8 20.Ne2 fxe4 21.fxe4 Qg6 22.Nec3 Nf6
23.Nb6 Rce8 24.Qd3 Ng4 25.Nbd5 Bh4 26.Ra2 Nxh2 27.Bf2 Nf3+ 28.Kf1 Nd4 29.Kg1 Bxf2+
30.Rxf2 Rxf2 31.Kxf2 Kh7 32.Kg1 Rf8 33.Rf1 Rxf1+ 34.Qxf1 Bxd5 35.Nxd5 Qxe4
36.Qf7 Qe1+ 37.Kh2 Qh4+ 38.Kg1 Ne2+ 39.Kf1 Ng3+ 40.Kf2 Nf5+ 41.Kg1 Ng3 42.Qxb7 Qd4+
43.Kh2 Nf1+ 44.Kh1 Qf2 45.Ne7 Ng3+ 46.Kh2 Qf4 47.Nd5 Qf2 48.Ne7 e4 49.Qd5 Nf1+
50.Kh1 Qh4+ 51.Kg1 Qxe7 52.Kxf1 Qf6+ 53.Kg1 Qf4 54.b4 e3 55.Qf3 Qe5 56.Qe2 Qd4
57.b5 axb5 58.cxb5 Qd2 59.Qf3 Qe1+ 60.Kh2 Qh4+ 61.Kg1 Qd4  1/2-1/2

[Event "Telecom op"]
[Site "Dublin"]
[Date "1991.??.??"]
[Round "?"]
[White "Motwani, Paul"]
[Black "Sadler, Matthew"]
[Result "1/2-1/2"]
[WhiteElo "2425"]
[BlackElo "2440"]

1.e4 c5 2.Nf3 d6 3.d4 cxd4 4.Nxd4 Nf6 5.Nc3 a6 6.Be3 e5 7.Nb3 Be6 8.f3 Be7
9.Qd2 O-O 10.O-O-O b5 11.Nd5 Bxd5 12.exd5 Qc7 13.Kb1 Nbd7 14.c4 bxc4 15.Rc1 a5
16.Rxc4 Qb7 17.Nxa5 Qxd5 18.Qxd5 Nxd5 19.Bd2 Nc5 20.Rc2 e4 21.Bc4 Nb6 22.fxe4 Nxe4
23.Be3 Na4 24.Nc6 Bf6 25.Bd4 Bxd4 26.Nxd4 Rab8 27.Bb3  1/2-1/2

[Event "Telecom op"]
[Site "Dublin"]
[Date "1991.??.??"]
[Round "?"]
[White "Motwani, Paul"]
[Black "Machulsky, Anatoly D"]
[Result "1/2-1/2"]
[WhiteElo "2425"]
[BlackElo "2555"]

1.e4 c5 2.Nf3 d6 3.d4 cxd4 4.Nxd4 Nf6 5.Nc3 a6 6.Be3 e6 7.f3 Be7 8.Qd2 Nc6
9.g4 Nxd4 10.Bxd4 e5 11.Be3 Be6 12.O-O-O Qa5 13.Qf2 Nd7 14.Kb1 O-O 15.Nd5 Bxd5
16.Rxd5 Qc7 17.g5 Nc5 18.h4 Ne6 19.Bh3 Rfe8 20.Rhd1 b5 21.Rc1 Qc6 22.c4 b4  1/2-1/2

[Event "Eger op"]
[Site "Eger"]
[Date "1991.??.??"]
[Round "?"]
[White "Feher, Gyula"]
[Black "Ostergaard, Dan"]
[Result "1/2-1/2"]
[WhiteElo "2375"]
[BlackElo "2255"]

1.e4 c5 2.Nf3 d6 3.d4 cxd4 4.Nxd4 Nf6 5.Nc3 a6 6.Be3 e5 7.Nb3 Be6 8.Qd2 Nbd7
9.f3 b5 10.a4 b4 11.Nd5 Bxd5 12.exd5 Nb6 13.Bxb6 Qxb6 14.a5 Qb7 15.O-O-O g6
16.g4 Bg7 17.h4 O-O 18.h5 Rfc8 19.hxg6 hxg6 20.g5 Nd7 21.Rh4 Rab8 22.Bh3 Rc7
23.Bxd7 Rxd7 24.Kb1 Rc7 25.Rdh1 Kf8 26.Rh7 Rbc8 27.Na1 b3 28.cxb3 Qb5 29.Rxg7 Kxg7
30.Qh2 Rc1+ 31.Rxc1 Rxc1+ 32.Kxc1 Qf1+ 33.Kc2 Qxa1 34.Qd2 Qf1 35.Qd3 Qf2+  1/2-1/2

[Event "FRA-ch"]
[Site "FRA"]
[Date "1991.??.??"]
[Round "3"]
[White "Santo Roman, Marc"]
[Black "Renet, Olivier"]
[Result "0-1"]
[WhiteElo "2485"]
[BlackElo "2485"]

1.e4 c5 2.Nf3 d6 3.d4 cxd4 4.Nxd4 Nf6 5.Nc3 a6 6.Be3 e5 7.Nf3 Be7 8.Bc4 O-O
9.Qe2 Nc6 10.O-O Na5 11.Bd5 h6 12.h3 Bd7 13.Nd2 Rc8 14.a4 Be6 15.Bxe6 fxe6
16.f4 Nc6 17.Nb3 Qe8 18.Rad1 Nh5 19.Qg4 exf4 20.Qxe6+ Kh8 21.Bf2 Rf6 22.Qd5 f3
23.Be3 Qg6 24.Rf2 Rcf8 25.Nd4 Nxd4 26.Qxd4 R6f7 27.e5 dxe5 28.Qg4 Bg5 29.Bc5 Rf4
30.Rxf3 Rxg4 31.Rxf8+ Kh7 32.hxg4 Nf4 33.Be3 Ne6 34.Rf3 e4 35.Rh3 Bf4 36.Nd5 Be5
37.g5 Nxg5 38.Bxg5 Qxg5 39.Nc3 Bg3 40.Kh1 e3  0-1